000 00802cam a22002654a 4500
001 14205628
005 20180220092311.0
008 051220s2007 maua b 001 0 eng
010 _a 2005058075
020 _a007352302X (alk. paper)
020 _a9780073523026
035 _a(OCoLC)ocm62738690
040 _aDLC
_cDLC
_dBAKER
_dC#P
_dDLC
041 _aeng
042 _apcc
080 _a337 PUG
082 0 0 _a337 PUG
_222
100 1 _a52
101 _aEKO
245 1 0 _aInternational economics /
_cThomas A. Pugel.
504 _aIncludes bibliographical references (p. 707-717) and index.
906 _a7
_bcbc
_corignew
_d1
_eocip
_f20
_gy-gencatlg
942 _2ddc
_cBK
999 _c42951
_d42951